Normal view MARC view
  • Professional Associations Research Network

Entry Corporate Name

Number of records used in: 3

001 - CONTROL NUMBER

  • control field: 4647

003 - CONTROL NUMBER IDENTIFIER

  • control field: OSt

005 - DATE AND TIME OF LATEST TRANSACTION

  • control field: 20190806150235.0

008 - FIXED-LENGTH DATA ELEMENTS

  • fixed length control field: 040928n| aaannaabn |n ana d

040 ## - CATALOGING SOURCE

  • Original cataloging agency: OSt
  • Transcribing agency: OSt

110 ## - HEADING--CORPORATE NAME

  • Corporate name or jurisdiction name as entry element: Professional Associations Research Network

410 ## - SEE FROM TRACING--CORPORATE NAME

  • Corporate name or jurisdiction name as entry element: PARN

670 ## - SOURCE DATA FOUND

  • Source citation: The Membership structures of UK professional associations, 2002